Normal view
MARC view
Entry Personal Name
001 - CONTROL NUMBER
- control field: 63902
003 - CONTROL NUMBER IDENTIFIER
- control field: dpl
005 - DATE AND TIME OF LATEST TRANSACTION
- control field: 20240322160251.0
008 - FIXED-LENGTH DATA ELEMENTS
- fixed length control field: 240322|| aca||aabn | a|a d
040 ## - CATALOGING SOURCE
- Original cataloging agency: dpl
- Transcribing agency: dpl
100 ## - HEADING--PERSONAL NAME
- Personal name: आज़मी, एस आर
670 ## - SOURCE DATA FOUND
- Source citation: Work cat.: (dpl)201758: आज़ाद, ए आर 63901, सामना; शख़्सियत से साक्षात्कारनगर/, 2023
